Новая и новейшая история №1 Январь-Февраль,2018 (ბიბ.ჩანაწერი № 56430)
[ მარტივი ფორმატი ]
| 000 -LEADER | |
|---|---|
| fixed length control field | 00567nam a2200169Ia 4500 |
| 001 - CONTROL NUMBER | |
| control field | 23543 |
| 003 - CONTROL NUMBER IDENTIFIER | |
| control field | GE_BSU |
| 008 - FIXED-LENGTH DATA ELEMENTS--GENERAL INFORMATION | |
| fixed length control field | 181216s||||||||xx |||||||||||||| ||und|| |
| 040 ## - CATALOGING SOURCE | |
| Transcribing agency | GE_BSU |
| 245 ## - TITLE STATEMENT | |
| Title | Новая и новейшая история №1 Январь-Февраль,2018 |
| 245 ## - TITLE STATEMENT | |
| Statement of responsibility, etc. | Главный ред:В.В Согрин, и др. |
| 653 ## - INDEX TERM--UNCONTROLLED | |
| Uncontrolled term | История |
| 653 ## - INDEX TERM--UNCONTROLLED | |
| Uncontrolled term | Новая и новейшая история. №1 Январь-Февраль,2018 |
| 653 ## - INDEX TERM--UNCONTROLLED | |
| Uncontrolled term | Периодика |
| 653 ## - INDEX TERM--UNCONTROLLED | |
| Uncontrolled term | პერიოდიკა |
| 942 ## - ADDED ENTRY ELEMENTS (KOHA) | |
| Koha item type | პერიოდიკა |
არაა ხელმისაწვდომი ეგზემპლარები.
